Musical Acts by Letter - W - Statistics

General Stats
  • This quiz has been taken 415 times
    190 since last reset
  • The average score is 10 of 18
Answer Stats
Years Active Songs Band or Artist % Correct
1977–2012 I Wanna Dance with Somebody (Who Loves Me) | I Will Always Love You Whitney Houston
93%
1981–1986 Wake Me Up Before You Go-Go | Last Christmas Wham!
88%
2009– Blinding Lights | Call Out My Name The Weeknd
86%
1997–2011 Seven Nation Army | Icky Thump The White Stripes
78%
1985– Gettin' Jiggy Wit It | Miami Will Smith
62%
1992– Island In The Sun | Buddy Holly Weezer
61%
1964–1983, 1996– Baba O'Riley | Pinball Wizard The Who
58%
1976– Amish Paradise | Polka Face "Weird Al" Yankovic
57%
2005– Black and Yellow | We Dem Boyz Wiz Khalifa
53%
1761-1791 Eine Kleine Nachtmusik | Requiem Wolfgang Amadeus Mozart
53%
1995– Teenage Dirtbag | A Little Respect Wheatus
52%
1978–1990, 2003- Is This Love | Here I Go Again Whitesnake
50%
1988– Scream & Shout | It's My Birthday will.i.am
45%
1971–1981 Band On The Run | Mull of Kintyre Wings
43%
1956– Highwayman | On the Road Again Willie Nelson
33%
1992– C.R.E.A.M. | Protect Ya Neck Wu-Tang Clan
32%
2009–2014, 2021– Glad You Came | Chasing the Sun The Wanted
31%
1998–2012, 2018– My Love | If I Let You Go Westlife
15%
No matching quizzes found
Score Distribution
Percent of People with Each Score
Percentile by Number Answered
Your Score History
You have not taken this quiz since the last reset